[Event "SR 3. liga A2 2018/2019"]
[Site "?"]
[Date "2019.01.13"]
[Round "6.3"]
[White "Matis, Tibor"]
[Black "Szocs, Ladislav"]
[Result "1-0"]
[WhiteElo "1846"]
[BlackElo "1803"]
[PlyCount "101"]
[EventDate "2018.??.??"]

1. e4 e5 2. Nf3 Nf6 3. Nc3 Bb4 4. Nd5 Nxd5 5. exd5 O-O 6. c3 Bc5 7. d4 exd4 8.
Nxd4 c6 9. Bc4 cxd5 10. Bxd5 Nc6 11. O-O Nxd4 12. cxd4 Bb6 13. Bf4 d6 14. Qd2
Qf6 15. Rad1 Qf5 16. Bf3 d5 17. Rfe1 Ba5 18. Qxa5 Qxf4 19. Bxd5 Be6 20. Bxe6
fxe6 21. f3 Qd6 22. Qb5 Qd5 23. Qxd5 exd5 24. Re5 Rac8 25. Rd2 Rcd8 26. Re7 Rf7
27. Rde2 Kf8 28. R7e5 Rc7 29. Kf2 Rd6 30. Ke1 Rcd7 31. Kd2 Rc6 32. Rf5+ Rf6 33.
Rfe5 Rfd6 34. Re8+ Kf7 35. Rc8 Rc6 36. Rce8 Rcd6 37. f4 Ra6 38. a3 Rb6 39. b4
a5 40. bxa5 Ra6 41. Kc3 Rxa5 42. Kb4 Ra6 43. Rc8 b5 44. Kxb5 Rxa3 45. Kc6 Rda7
46. Kd6 R3a6+ 47. Rc6 Ra5 48. Rc5 R5a6+ 49. Kxd5 Rd7+ 50. Ke4 Ra4 51. Rd2 1-0

[Event "SR 3. liga A2 2018/2019"]
[Site "?"]
[Date "2019.01.13"]
[Round "6.3"]
[White "Both, Lajos"]
[Black "Mezes, Kristof"]
[Result "1-0"]
[WhiteElo "1799"]
[BlackElo "1673"]
[PlyCount "97"]
[EventDate "2018.??.??"]

1. Nf3 e6 2. c4 c6 3. b3 d5 4. Bb2 Nf6 5. g3 c5 6. Bg2 d4 7. e3 Nc6 8. exd4
cxd4 9. O-O e5 10. Re1 Qd6 11. Ba3 Qc7 12. Bxf8 Kxf8 13. Qe2 Bg4 14. h3 Bxf3
15. Bxf3 Re8 16. d3 Nd7 17. Bg4 g6 18. Nd2 f5 19. Bf3 Nb4 20. Nf1 Nc5 21. Rad1
Nbxd3 22. Rxd3 Nxd3 23. Qxd3 e4 24. Qxd4 Qg7 25. Qxg7+ Kxg7 26. Bd1 Rd8 27. Ne3
Rd2 28. a4 Rhd8 29. Nd5 Kf7 30. h4 h6 31. Kf1 g5 32. Bh5+ Ke6 33. hxg5 hxg5 34.
g4 Rd3 35. gxf5+ Kxf5 36. Bd1 Rh8 37. Ne3+ Ke5 38. Ke2 Rhd8 39. Nd5 Rf8 40. Rg1
Rg8 41. Rg4 Kf5 42. Ne3+ Ke5 43. Bc2 Rd4 44. Nd5 Kf5 45. Rg3 Rg7 46. f3 Ke5 47.
f4+ Kf5 48. Rxg5+ Rxg5 49. fxg5 1-0

[Event "SR 3. liga A2 2018/2019"]
[Site "?"]
[Date "2019.01.13"]
[Round "6.3"]
[White "Minarik, Jozef"]
[Black "Rozsas, Daniel"]
[Result "0-1"]
[WhiteElo "1602"]
[BlackElo "1752"]
[PlyCount "86"]
[EventDate "2018.??.??"]

1. e4 c5 2. Nc3 Nc6 3. g3 d6 4. Bg2 g6 5. Nge2 Bg7 6. O-O Nf6 7. d3 O-O 8. Bg5
Bg4 9. Qd2 Re8 10. Bh6 Bh8 11. f3 Bd7 12. Kh1 Qa5 13. Nf4 b5 14. a3 Nd4 15. g4
Bc6 16. h4 b4 17. Nce2 Nxe2 18. Nxe2 Nd7 19. axb4 Qxb4 20. c3 Qb5 21. f4 Reb8
22. Ra2 Qb3 23. Rfa1 Qb7 24. Ng3 Bg7 25. Bxg7 Kxg7 26. Ra6 Nb6 27. c4 Qd7 28.
f5 Na4 29. Ra2 Rb4 30. e5 Bxg2+ 31. Qxg2 Rab8 32. Qd5 R8b6 33. Ra5 Nxb2 34.
Rxa7 Rb7 35. Ra8 dxe5 36. Qxe5+ f6 37. Qxc5 Nxd3 38. Qd5 Qxd5+ 39. cxd5 Rxg4
40. Kg2 gxf5 41. Kf3 Ne5+ 42. Kf2 Rf4+ 43. Ke3 Rf3+ 0-1

[Event "SR 3. liga A2 2018/2019"]
[Site "?"]
[Date "2019.01.13"]
[Round "6.3"]
[White "Lelkes, Gejza"]
[Black "Kiss, Balazs"]
[Result "0-1"]
[WhiteElo "1516"]
[BlackElo "1382"]
[PlyCount "82"]
[EventDate "2018.??.??"]

1. e4 c5 2. Nc3 e6 3. Bc4 Nc6 4. a3 Nf6 5. d3 Be7 6. h3 a6 7. Ba2 b5 8. Nf3 d6
9. O-O O-O 10. Be3 e5 11. Qc1 Nh5 12. Bd5 Bd7 13. Bg5 Rb8 14. Bxe7 Nxe7 15. Ba2
Nf4 16. Kh2 Rc8 17. Ng1 Neg6 18. Qe3 Kh8 19. g3 Nxh3 20. Nxh3 Bxh3 21. Rh1 f5
22. exf5 Rxf5 23. Bd5 Rh5 24. Kg1 Qd7 25. Ne4 Rf8 26. Rh2 Qg4 27. Nxd6 Nh4 28.
Nf7+ Rxf7 29. Bxf7 Nf3+ 30. Qxf3 Qxf3 31. Bxh5 Qxh5 32. Re1 h6 33. b3 Qf5 34.
Re3 Bg4 35. c4 bxc4 36. bxc4 Bd1 37. Rh4 Bc2 38. f4 Bxd3 39. Rxe5 Qd7 40. Rd5
Qb7 41. Rxd3 Qb1+ 0-1

[Event "SR 3. liga A2 2018/2019"]
[Site "?"]
[Date "2019.01.13"]
[Round "6.4"]
[White "Danada, Tomas"]
[Black "Jozefek, Michal"]
[Result "1/2-1/2"]
[WhiteElo "2238"]
[BlackElo "2187"]
[PlyCount "114"]
[EventDate "2018.??.??"]

1. d4 g6 2. e4 d6 3. Nc3 Bg7 4. Nf3 Nf6 5. Be2 c6 6. a4 Qc7 7. O-O O-O 8. Re1
e5 9. h3 Nbd7 10. dxe5 dxe5 11. Be3 Rd8 12. Qc1 Nf8 13. Bc4 Be6 14. Bf1 Bd7 15.
Bc4 Be6 16. Bf1 Bd7 17. Rd1 Ne6 18. Bc4 Nh5 19. Ng5 Nhf4 20. Nxe6 Bxe6 21. Bf1
b6 22. Kh2 Nh5 23. Rxd8+ Rxd8 24. Qe1 f5 25. f3 Bf6 26. Rd1 f4 27. Rxd8+ Qxd8
28. Bf2 Be7 29. Qd1 Qxd1 30. Nxd1 Nf6 31. g3 Nd7 32. b3 Ba3 33. gxf4 exf4 34.
Bd4 Bc5 35. Bc3 h6 36. Nb2 g5 37. Nd3 Be3 38. Nb4 c5 39. Nc6 a5 40. Ne5 Kf8 41.
Nxd7+ Bxd7 42. Be5 h5 43. Bc4 g4 44. hxg4 hxg4 45. fxg4 Bxg4 46. Bc7 Bd1 47.
Bxb6 Bxc2 48. e5 Ke7 49. e6 Bf5 50. Bxa5 f3 51. Bc7 Bxe6 52. Bxe6 Kxe6 53. a5
Kd5 54. a6 c4 55. bxc4+ Kxc4 56. Kg3 Kb5 57. Kxf3 Kxa6 1/2-1/2

[Event "SR 3. liga A2 2018/2019"]
[Site "?"]
[Date "2019.01.13"]
[Round "6.4"]
[White "Hrubsa, Marian"]
[Black "Pribila, Gerhard"]
[Result "0-1"]
[WhiteElo "1923"]
[BlackElo "2141"]
[PlyCount "92"]
[EventDate "2018.??.??"]

1. e4 c5 2. Nf3 e6 3. d4 cxd4 4. Nxd4 Nf6 5. Bd3 Nc6 6. c3 a6 7. O-O d5 8. Nxc6
bxc6 9. e5 Nd7 10. f4 a5 11. Nd2 Ba6 12. Nf3 Bxd3 13. Qxd3 Nc5 14. Qe2 Ne4 15.
Be3 g6 16. Nd2 Nc5 17. b3 Be7 18. Rad1 Qc8 19. Qf2 Nd3 20. Qe2 Qa6 21. Qf3 O-O
22. Bd4 Nc5 23. g4 Nd7 24. g5 Bc5 25. Qg4 Bxd4+ 26. cxd4 c5 27. Rf3 Qe2 28. Rg3
Qxg4 29. Rxg4 Rfc8 30. Nf3 a4 31. dxc5 axb3 32. axb3 Nxc5 33. b4 Ne4 34. Nd4
Rab8 35. b5 Nc3 36. Rc1 Rc4 37. Rg3 Rxd4 38. Rgxc3 Rxb5 39. Rc8+ Kg7 40. Ra1
Rb2 41. h3 h6 42. Rd8 Re4 43. Rf1 hxg5 44. fxg5 Ree2 45. Ra1 Rxe5 46. h4 Re4
0-1

[Event "SR 3. liga A2 2018/2019"]
[Site "?"]
[Date "2019.01.13"]
[Round "6.4"]
[White "Nemsak, Denis"]
[Black "Vogl, Zdenek"]
[Result "1-0"]
[WhiteElo "2012"]
[BlackElo "1859"]
[PlyCount "43"]
[EventDate "2018.??.??"]

1. c4 e5 2. Nc3 Nf6 3. g3 Bb4 4. Bg2 Bxc3 5. bxc3 O-O 6. d3 h6 7. e4 d6 8. h3
c5 9. Nf3 Nc6 10. O-O Rb8 11. a4 b6 12. Ne1 Bd7 13. Nc2 Qc8 14. Kh2 Nh7 15. f4
f5 16. exf5 Bxf5 17. g4 Bd7 18. f5 Nf6 19. Qe1 Re8 20. Qh4 Ne7 21. Bxh6 gxh6
22. Qxf6 1-0

[Event "SR 3. liga A2 2018/2019"]
[Site "?"]
[Date "2019.01.13"]
[Round "6.4"]
[White "Vach, Jozef"]
[Black "Brunovsky, Peter"]
[Result "0-1"]
[WhiteElo "1680"]
[BlackElo "1863"]
[PlyCount "140"]
[EventDate "2018.??.??"]

1. d4 Nf6 2. Nf3 d5 3. e3 Bf5 4. Nbd2 e6 5. Be2 Nbd7 6. Nh4 Bg6 7. Nxg6 hxg6 8.
c4 c6 9. c5 Qc7 10. Nf1 Be7 11. Ng3 e5 12. Bd2 Nf8 13. b4 exd4 14. exd4 Ne6 15.
Be3 Nf4 16. Bxf4 Qxf4 17. Qd2 Rh4 18. Rd1 Qxd2+ 19. Rxd2 Ne4 20. Rd3 Bf6 21.
Nf1 Ng5 22. g4 Ne6 23. Ne3 Bxd4 24. Ng2 Rh8 25. f4 Bf6 26. h4 O-O-O 27. Kf2
Rde8 28. Bd1 Bd8 29. f5 gxf5 30. gxf5 Ng5 31. Rg1 Ne4+ 32. Kf3 Bxh4 33. Nf4 Bf6
34. Bb3 Rh2 35. Rg2 Reh8 36. Rd1 Rh1 37. Rgg1 Rxg1 38. Rxg1 Rh2 39. Re1 Bc3 40.
Rg1 Rf2+ 41. Kg4 Rh2 42. Kf3 Nd2+ 43. Kg3 Rh7 44. Kg4 Nxb3 45. axb3 Bxb4 46.
Nd3 Bc3 47. Rg3 Bf6 48. b4 Rh4+ 49. Kf3 b6 50. Ke3 bxc5 51. Nxc5 Bd4+ 52. Kd3
Bxc5 53. bxc5 Rf4 54. Rxg7 Rxf5 55. Kd4 Kb7 56. Rg1 Rf4+ 57. Ke5 Re4+ 58. Kd6
Re6+ 59. Kd7 Ka6 60. Rf1 Kb5 61. Rxf7 Rh6 62. Rf1 Kxc5 63. Rc1+ Kb4 64. Rb1+
Kc3 65. Ra1 d4 66. Ra3+ Kd2 67. Ra2+ Ke3 68. Ra1 d3 69. Re1+ Kf2 70. Re4 d2 0-1

[Event "SR 3. liga A2 2018/2019"]
[Site "?"]
[Date "2019.01.13"]
[Round "6.4"]
[White "Danada, Ondrej"]
[Black "Antalek, Rudolf"]
[Result "1-0"]
[WhiteElo "1863"]
[BlackElo "1711"]
[PlyCount "107"]
[EventDate "2018.??.??"]

1. e4 e5 2. Nf3 Nc6 3. d4 exd4 4. Bc4 Nf6 5. O-O Be7 6. Re1 O-O 7. e5 Ng4 8. h3
Nh6 9. Bxh6 gxh6 10. Nxd4 Nxd4 11. Qxd4 d6 12. Nc3 dxe5 13. Qxe5 Bd6 14. Qe4
Qg5 15. Bd3 Qg7 16. Nb5 Bxh3 17. Nxd6 cxd6 18. Re3 Rae8 19. Qxh7+ Qxh7 20.
Bxh7+ Kxh7 21. Rxh3 Re2 22. Rc3 Rfe8 23. Rd1 Re1+ 24. Rxe1 Rxe1+ 25. Kh2 Re2
26. Kg3 Re7 27. Kf4 Kg6 28. Re3 Rxe3 29. fxe3 Kf6 30. c4 h5 31. b4 Kg6 32. Ke4
Kg5 33. Kd5 Kg4 34. Kxd6 Kg3 35. c5 Kxg2 36. b5 h4 37. c6 bxc6 38. bxc6 h3 39.
c7 h2 40. c8=Q h1=Q 41. Qg8+ Kh3 42. Qh7+ Kg2 43. Qe4+ Kg1 44. Qb1+ Kg2 45.
Qb7+ Kg1 46. Qxf7 Qh6+ 47. Qe6 Qh2+ 48. Kc6 Qg2+ 49. e4 Qc2+ 50. Kb7 Qc5 51. e5
Kf2 52. Qd6 Qe3 53. e6 Kf3 54. e7 1-0

[Event "SR 3. liga A2 2018/2019"]
[Site "?"]
[Date "2019.01.13"]
[Round "6.4"]
[White "Bartos, Bohumil"]
[Black "Bilovsky, Milan"]
[Result "0-1"]
[WhiteElo "1543"]
[BlackElo "1917"]
[PlyCount "48"]
[EventDate "2018.??.??"]

1. d4 d5 2. Nf3 e6 3. e3 c5 4. c3 Nc6 5. Nbd2 Nf6 6. Bd3 Be7 7. O-O O-O 8. dxc5
Bxc5 9. b4 Bd6 10. e4 Ne5 11. Bb1 Qc7 12. Bb2 b6 13. Qc2 Nxf3+ 14. gxf3 Bxh2+
15. Kg2 Be5 16. exd5 exd5 17. Rh1 g6 18. Qc1 Be6 19. Nb3 Rac8 20. Qg5 Ne8 21.
Rxh7 Kxh7 22. Bxg6+ fxg6 23. Rh1+ Kg8 24. Qxg6+ Qg7 0-1

[Event "SR 3. liga A2 2018/2019"]
[Site "?"]
[Date "2019.01.13"]
[Round "6.4"]
[White "Takacs, Zsolt"]
[Black "Romanova, Ela"]
[Result "1-0"]
[WhiteElo "1811"]
[BlackElo "1362"]
[PlyCount "61"]
[EventDate "2018.??.??"]

1. e4 e5 2. Nf3 Nc6 3. d4 exd4 4. Nxd4 Qf6 5. Nxc6 Qxc6 6. Bd3 Nf6 7. O-O Bc5
8. e5 Ng8 9. Nc3 Ne7 10. Re1 O-O 11. Ne4 Bb6 12. Be3 Nf5 13. Bxb6 Qxb6 14. Qh5
Qg6 15. Qxg6 fxg6 16. Rad1 Rd8 17. Ng5 d6 18. Bc4+ d5 19. Bxd5+ Kf8 20. Nxh7+
Ke7 21. Ng5 c6 22. Bf7 b6 23. Rxd8 Kxd8 24. Bxg6 Nh4 25. Be4 Bd7 26. Rd1 Ke7
27. g3 Nf5 28. Rxd7+ Kxd7 29. Bxf5+ Ke7 30. f4 Rd8 31. Bd3 1-0

[Event "SR 3. liga A2 2018/2019"]
[Site "?"]
[Date "2019.01.13"]
[Round "6.4"]
[White "Dubanova, Kristina"]
[Black "Kastler, Peter"]
[Result "0-1"]
[WhiteElo "1086"]
[BlackElo "1741"]
[PlyCount "91"]
[EventDate "2018.??.??"]

1. e4 e6 2. Nf3 d5 3. d3 dxe4 4. Ng5 exd3 5. Bxd3 Be7 6. Nf3 Nf6 7. Nc3 O-O 8.
O-O b6 9. Re1 Nbd7 10. Be3 Bb7 11. a3 c5 12. b3 Nd5 13. Nxd5 Bxd5 14. c4 Bb7
15. Bf4 Bf6 16. Ra2 Re8 17. Rae2 Bc3 18. Bxh7+ Kh8 19. Ng5 Qe7 20. Rf1 Rad8 21.
Qd3 Bf6 22. Bd6 Ne5 23. Qh3 Qxd6 24. Be4+ Kg8 25. Qh7+ Kf8 26. Qh4 Bxg5 27.
Qxg5 Bxe4 28. Rxe4 Ng6 29. Re3 Qf4 30. Qh5 Ke7 31. Qh3 Rh8 32. Qg3 Qxg3 33.
fxg3 Rd6 34. Ref3 f6 35. Re3 Rhd8 36. Ree1 Ne5 37. h3 a5 38. a4 Rd3 39. Rb1
Rxg3 40. Kh2 Rdd3 41. Rfc1 Rxb3 42. Rd1 Rgd3 43. Rdc1 Rdc3 44. Rd1 Nxc4 45. Re1
Rb2 46. Rg1 0-1

[Event "SR 3. liga A2 2018/2019"]
[Site "?"]
[Date "2019.01.13"]
[Round "6.5"]
[White "Skapikova, Lubica"]
[Black "Lopatievov, Alexander"]
[Result "1/2-1/2"]
[WhiteElo "1863"]
[BlackElo "1841"]
[PlyCount "50"]
[EventDate "2018.??.??"]

1. e4 c6 2. d4 d5 3. e5 Bf5 4. Bd3 Bxd3 5. Qxd3 e6 6. Nf3 Ne7 7. O-O Nf5 8. Re1
c5 9. c3 Nc6 10. Nbd2 c4 11. Qe2 b5 12. Nf1 a5 13. Ng3 Nxg3 14. hxg3 b4 15. Bd2
Be7 16. b3 bxc3 17. Bxc3 cxb3 18. axb3 O-O 19. Rec1 Qb6 20. Qb2 Rfb8 21. Rcb1
h6 22. Ne1 Qb5 23. Qd2 Nb4 24. Nc2 Nxc2 25. Qxc2 Rc8 1/2-1/2

[Event "SR 3. liga A2 2018/2019"]
[Site "?"]
[Date "2019.01.13"]
[Round "6.5"]
[White "Zarecky, Eduard"]
[Black "Palka, Martin"]
[Result "0-1"]
[WhiteElo "1841"]
[BlackElo "1839"]
[PlyCount "58"]
[EventDate "2018.??.??"]

1. d4 e6 2. c4 Bb4+ 3. Nc3 Nf6 4. Bd2 O-O 5. Nf3 d6 6. a3 Bxc3 7. Bxc3 c6 8. b4
Ne4 9. Bb2 d5 10. e3 Nd7 11. Qc2 a6 12. Bd3 f5 13. O-O g5 14. Ne5 Nxe5 15. dxe5
g4 16. f4 gxf3 17. gxf3 Ng5 18. Qg2 Kh8 19. h4 Nf7 20. Qf2 Rg8+ 21. Kh2 Bd7 22.
Rg1 Qe7 23. Bxf5 dxc4 24. Rg4 Nh6 25. Rxg8+ Rxg8 26. Bh3 Be8 27. e4 Bh5 28. Rd1
Rf8 29. Bg2 Ng4+ 0-1

[Event "SR 3. liga A2 2018/2019"]
[Site "?"]
[Date "2019.01.13"]
[Round "6.5"]
[White "Lanik, Miroslav"]
[Black "Kramar, Matus"]
[Result "1-0"]
[WhiteElo "1842"]
[BlackElo "1705"]
[PlyCount "40"]
[EventDate "2018.??.??"]

1. e4 e5 2. d4 exd4 3. Qxd4 Nc6 4. Qe3 g6 5. Nc3 Bg7 6. Bd2 d6 7. O-O-O Nf6 8.
f3 O-O 9. Bc4 Na5 10. Bb3 Nxb3+ 11. axb3 Be6 12. Nge2 Re8 13. Qf2 Qe7 14. Nf4
c6 15. Nxe6 Qxe6 16. Rhe1 Rad8 17. g4 b5 18. h4 a5 19. Bf4 Re7 20. e5 Ree8 1-0

[Event "SR 3. liga A2 2018/2019"]
[Site "?"]
[Date "2019.01.13"]
[Round "6.5"]
[White "Rau, Vladimir"]
[Black "Kir, Kvetoslav"]
[Result "1/2-1/2"]
[WhiteElo "1684"]
[BlackElo "1790"]
[PlyCount "32"]
[EventDate "2018.??.??"]

1. d4 Nf6 2. c4 g6 3. Nc3 Bg7 4. e4 d6 5. Nf3 O-O 6. Be2 c6 7. O-O a5 8. Bg5
Qc7 9. Rc1 e5 10. d5 Na6 11. Na4 Nxe4 12. Be3 c5 13. Qb3 Bd7 14. Nb6 Ra7 15.
Nxd7 Qxd7 16. a3 Nc7 1/2-1/2

[Event "SR 3. liga A2 2018/2019"]
[Site "?"]
[Date "2019.01.13"]
[Round "6.5"]
[White "Bendzela, Tibor"]
[Black "Dobis, Pavol"]
[Result "0-1"]
[WhiteElo "1648"]
[BlackElo "1563"]
[PlyCount "123"]
[EventDate "2018.??.??"]

1. e4 c5 2. d4 cxd4 3. c3 dxc3 4. Nxc3 d6 5. Nf3 e6 6. Bc4 Nf6 7. O-O Be7 8.
Qe2 Nc6 9. Rd1 Qc7 10. Bf4 a6 11. Rac1 O-O 12. Bb3 Nd7 13. a3 b5 14. Qd2 Nc5
15. Ba2 Rd8 16. b4 Nb7 17. Ne2 Qd7 18. Qc2 Nb8 19. Ne5 Qe8 20. Nc6 Nxc6 21.
Qxc6 Qxc6 22. Rxc6 e5 23. Be3 Re8 24. Bb6 Nd8 25. Bxd8 Rxd8 26. Rc7 Rd7 27.
Rdc1 Rxc7 28. Rxc7 Bf8 29. Nc3 Be6 30. Bxe6 fxe6 31. h4 h6 32. g4 Kh7 33. Ne2
Kg6 34. f4 Kf6 35. g5+ hxg5 36. fxg5+ Kg6 37. Kg2 d5 38. exd5 exd5 39. Kg3 Rd8
40. Kg4 d4 41. Ng3 d3 42. h5+ Kh7 43. Rc1 Rd4+ 44. Kf5 Bd6 45. Ne4 Bb8 46. Rc8
g6+ 47. hxg6+ Kg7 48. Nc5 Rf4+ 49. Ke6 d2 50. Rd8 Rd4 51. Rxb8 d1=Q 52. Rb7+
Kxg6 53. Rb6 Kxg5 54. Rxa6 Qg4+ 55. Ke7 Kh4 56. Rh6+ Kg3 57. Kf7 Qf4+ 58. Rf6
Qh4 59. Rg6+ Kh3 60. Ne6 Rd7+ 61. Kf8 Qe7+ 62. Kg8 0-1

[Event "SR 3. liga A2 2018/2019"]
[Site "?"]
[Date "2019.01.13"]
[Round "6.5"]
[White "Skreko, Igor"]
[Black "Dest, Stanislav"]
[Result "1/2-1/2"]
[WhiteElo "1505"]
[BlackElo "1545"]
[PlyCount "112"]
[EventDate "2018.??.??"]

1. c4 e5 2. Nc3 Nf6 3. g3 c6 4. e4 d6 5. Bg2 Be7 6. Nf3 Bg4 7. h3 Bd7 8. O-O
O-O 9. d4 exd4 10. Nxd4 Qc8 11. Kh2 Na6 12. a3 Nc7 13. Qd3 Rd8 14. Rd1 h6 15.
g4 a6 16. Bf4 Nce8 17. Rd2 Nh7 18. Re1 Bg5 19. Qg3 Bxf4 20. Qxf4 Ng5 21. Nf5
Bxf5 22. exf5 Nh7 23. Ne4 d5 24. cxd5 cxd5 25. Nc3 Nhf6 26. Nxd5 Nxd5 27. Rxd5
Rxd5 28. Bxd5 Nf6 29. Bf3 Qb8 30. Qxb8+ Rxb8 31. Re7 b6 32. Rb7 Rxb7 33. Bxb7
a5 34. Bc6 Kf8 35. Kg3 Ke7 36. Kf4 Kd6 37. Bf3 Nh7 38. h4 f6 39. Ke4 Kc5 40.
Kd3 Nf8 41. Be4 Nd7 42. f4 Kd6 43. Kd4 Nc5 44. Bc2 Nd7 45. b4 axb4 46. axb4 Nb8
47. Be4 Na6 48. Kc4 Nc7 49. b5 Ne8 50. Bc6 Nc7 51. Kd4 Ke7 52. Kc3 Kd6 53. Kc4
Ke7 54. Kd4 Kd6 55. g5 Ke7 56. gxh6 gxh6 1/2-1/2

[Event "SR 3. liga A2 2018/2019"]
[Site "?"]
[Date "2019.01.13"]
[Round "6.6"]
[White "Ocko, Martin"]
[Black "Szitkey, Milan"]
[Result "1-0"]
[WhiteElo "1993"]
[BlackElo "2066"]
[PlyCount "65"]
[EventDate "2018.??.??"]

1. e4 e6 2. Nf3 d5 3. e5 c5 4. b4 c4 5. c3 a5 6. b5 Qb6 7. a4 Bc5 8. Qe2 Nd7 9.
Ba3 f6 10. Bxc5 Nxc5 11. Qe3 fxe5 12. Nxe5 Nf6 13. Be2 O-O 14. O-O Qd6 15. d4
cxd3 16. Nxd3 Nxd3 17. Qxd3 e5 18. c4 d4 19. Nd2 Be6 20. Bf3 Qc7 21. Rac1 Rad8
22. Ne4 Bf5 23. Rfe1 Kh8 24. c5 Nd5 25. b6 Qe7 26. Qb3 Nf4 27. Nd6 Be6 28. Rxe5
Qf6 29. Rxe6 Nxe6 30. Nxb7 Qg5 31. Qc4 Rxf3 32. Nxd8 Nf4 33. Nf7+ 1-0

[Event "SR 3. liga A2 2018/2019"]
[Site "?"]
[Date "2019.01.13"]
[Round "6.6"]
[White "Puskar, David"]
[Black "Nemeckay, Rastislav"]
[Result "0-1"]
[WhiteElo "1834"]
[BlackElo "1936"]
[PlyCount "58"]
[EventDate "2018.??.??"]

1. c4 c6 2. Nc3 d5 3. d4 Nf6 4. Nf3 e6 5. Bf4 Bd6 6. Bxd6 Qxd6 7. e3 O-O 8. Bd3
Nbd7 9. c5 Qc7 10. Rc1 e5 11. dxe5 Nxe5 12. Be2 h6 13. O-O Bf5 14. Nd4 Bg6 15.
b3 Rae8 16. b4 Ne4 17. b5 Nxc5 18. a3 Ncd3 19. Ra1 Nb2 20. Qc1 Nbc4 21. e4 dxe4
22. bxc6 bxc6 23. Nxe4 Bxe4 24. Bxc4 Ng4 25. g3 Qe5 26. Nxc6 Bxc6 27. Bxf7+
Rxf7 28. Qxc6 Qe4 29. Qc5 Ne5 0-1

[Event "SR 3. liga A2 2018/2019"]
[Site "?"]
[Date "2019.01.13"]
[Round "6.6"]
[White "Pericka, Tomas"]
[Black "Holicky, Miroslav"]
[Result "1-0"]
[WhiteElo "1960"]
[BlackElo "1756"]
[PlyCount "61"]
[EventDate "2018.??.??"]

1. e4 c5 2. Nf3 e6 3. c3 Nc6 4. d3 d5 5. Qe2 dxe4 6. dxe4 e5 7. Na3 h6 8. Nc4
Qc7 9. Ne3 Nf6 10. Nd5 Qd8 11. Nxf6+ Qxf6 12. Be3 a6 13. Qc2 Be6 14. Qa4 Be7
15. Bb5 Rc8 16. Bxc6+ Rxc6 17. O-O Bg4 18. Nd2 Be2 19. Rfe1 Bd3 20. c4 O-O 21.
Qb3 Rd8 22. f3 b5 23. Rac1 Rb6 24. Qc3 b4 25. Qb3 Qc6 26. a4 Bh4 27. g3 Bg5 28.
Rcd1 Qd6 29. Nf1 Bxe3+ 30. Rxe3 Qd4 31. Rdxd3 1-0

[Event "SR 3. liga A2 2018/2019"]
[Site "?"]
[Date "2019.01.13"]
[Round "6.6"]
[White "Babirat, Michal"]
[Black "Jarabek, Milan"]
[Result "1-0"]
[WhiteElo "1859"]
[BlackElo "1771"]
[PlyCount "58"]
[EventDate "2018.??.??"]

1. c4 c5 2. Nc3 Nf6 3. g3 d5 4. cxd5 Nxd5 5. Bg2 e6 6. Qb3 Nb6 7. d3 Nc6 8. Nf3
Be7 9. O-O O-O 10. Bf4 Bd6 11. Be3 Nd7 12. Nb5 Be7 13. Nd2 a6 14. Bxc6 bxc6 15.
Na3 Rb8 16. Qc2 Bf6 17. Nac4 Bd4 18. Rac1 Nf6 19. Bf4 e5 20. Bxe5 Bxe5 21. Nxe5
Qd5 22. Ndc4 Re8 23. e4 Qe6 24. f4 Nd7 25. b3 Nxe5 26. Nxe5 f6 27. Nf3 Rd8 28.
Qxc5 Rxd3 29. Qxc6 Qg4 1-0

[Event "SR 3. liga A2 2018/2019"]
[Site "?"]
[Date "2019.01.13"]
[Round "6.6"]
[White "Diviak, Rudolf"]
[Black "Sottnik, Filip"]
[Result "1-0"]
[WhiteElo "1758"]
[BlackElo "1698"]
[PlyCount "49"]
[EventDate "2018.??.??"]

1. e4 e5 2. Nf3 Nc6 3. Bc4 Bc5 4. c3 Nf6 5. d3 O-O 6. O-O a6 7. Bb3 d6 8. Nbd2
Be6 9. Ng5 Bxb3 10. axb3 b5 11. b4 Bb6 12. Nb3 h6 13. Nf3 Qd7 14. Nh4 Ne7 15.
Be3 Qc6 16. Qf3 d5 17. Nc5 dxe4 18. dxe4 a5 19. Nf5 Ng6 20. h4 Rfe8 21. h5 Nf8
22. Bxh6 Nxh5 23. Be3 g6 24. Nh6+ Kg7 25. Qxf7+ 1-0

[Event "SR 3. liga A2 2018/2019"]
[Site "?"]
[Date "2019.01.13"]
[Round "6.6"]
[White "Ganz, Marek"]
[Black "Pericka, Pavol"]
[Result "0-1"]
[WhiteElo "1681"]
[BlackElo "1777"]
[PlyCount "80"]
[EventDate "2018.??.??"]

1. e4 e5 2. Nf3 Nc6 3. Bc4 Bc5 4. c3 Nf6 5. d3 d6 6. Bg5 O-O 7. Nbd2 Be6 8. Bb5
Nb8 9. O-O c6 10. Ba4 Nbd7 11. d4 Bb6 12. Re1 Bg4 13. h3 Bh5 14. Re3 exd4 15.
cxd4 Bxd4 16. Rd3 c5 17. Qb3 Ne5 18. Nxe5 dxe5 19. Nf3 Qd6 20. Nxd4 exd4 21.
Qxb7 Bg6 22. f3 c4 23. Rd2 d3 24. Rc1 Qd4+ 25. Rf2 Rab8 26. Bxf6 gxf6 27. Qd5
Qe3 28. Qxc4 d2 29. Rc3 Qe1+ 30. Qf1 Rfd8 31. Bd1 Rxb2 32. Rb3 Rxa2 33. Rb1 f5
34. Bb3 Qxf1+ 35. Rfxf1 Ra3 36. Rfd1 fxe4 37. fxe4 Bxe4 38. Rb2 Rxb3 39. Rxb3
Bc2 40. Rxd2 Rxd2 0-1

[Event "SR 3. liga A2 2018/2019"]
[Site "?"]
[Date "2019.01.13"]
[Round "6.6"]
[White "Spacek, Marcel"]
[Black "Benkovsky, Peter"]
[Result "1-0"]
[WhiteElo "1799"]
[BlackElo "1683"]
[PlyCount "95"]
[EventDate "2018.??.??"]

1. d4 Nf6 2. c4 d5 3. cxd5 Nxd5 4. e4 Nf6 5. Nc3 e5 6. Bg5 h6 7. dxe5 Qxd1+ 8.
Rxd1 hxg5 9. exf6 Be6 10. fxg7 Bxg7 11. Nf3 Bxc3+ 12. bxc3 f6 13. a3 c5 14. Nd2
a6 15. Nc4 Bxc4 16. Bxc4 Nd7 17. Rd6 O-O-O 18. Be6 Kc7 19. Rd5 Rhe8 20. Bf5 Re5
21. O-O Rxd5 22. exd5 Nb6 23. Rd1 Rxd5 24. Rxd5 Nxd5 25. c4 Ne7 26. Bd3 Kb6 27.
g3 Ka5 28. Bc2 b5 29. h4 gxh4 30. gxh4 bxc4 31. h5 Ng8 32. Kf1 Kb5 33. Ke2 a5
34. Kd2 Nh6 35. Kc3 Nf7 36. a4+ Kc6 37. Kxc4 Ne5+ 38. Kc3 Ng4 39. f3 Nh6 40.
Be4+ Kb6 41. Bg6 Kc6 42. Kc4 Ng8 43. Be4+ Kb6 44. Kd5 f5 45. Bxf5 Ne7+ 46. Ke6
Nxf5 47. Kxf5 c4 48. Ke4 1-0

[Event "SR 3. liga A2 2018/2019"]
[Site "?"]
[Date "2019.01.13"]
[Round "6.6"]
[White "Slezak, Vladimir"]
[Black "Hrdlicka, Martin"]
[Result "1-0"]
[WhiteElo "1524"]
[BlackElo "1465"]
[PlyCount "103"]
[EventDate "2018.??.??"]

1. d4 d5 2. Nc3 Nf6 3. Nf3 e6 4. Bf4 Bd7 5. e3 Bb4 6. Bd3 O-O 7. O-O c5 8. dxc5
Bxc5 9. Nb5 Bxb5 10. Bxb5 Nbd7 11. Bg5 Qb6 12. Qd3 e5 13. Bxd7 e4 14. Qb5 Nxd7
15. Qxd7 exf3 16. Qxd5 fxg2 17. Rfd1 Rac8 18. b3 Qg6 19. c4 Bb6 20. Qxg2 Rc6
21. Be7 Qh6 22. Rd5 Re8 23. Bg5 Qg6 24. Rad1 Qc2 25. R5d2 Qc3 26. Qd5 h6 27.
Bh4 Rg6+ 28. Kh1 Rc6 29. Qd7 Qe5 30. Qd5 Qb8 31. Bg3 Qc8 32. Qd7 Kf8 33. Bd6+
Kg8 34. Qxc8 Rexc8 35. Be7 Re6 36. Rd7 Re8 37. Bd6 Rf6 38. Bg3 g5 39. Kg2 h5
40. R1d5 Rg6 41. Rxb7 Kg7 42. Rbd7 h4 43. Be5+ Kg8 44. b4 Rge6 45. Bc3 h3+ 46.
Kg3 Bxe3 47. f3 Bf4+ 48. Kg4 Rh6 49. Rd8 Rf8 50. Rxf8+ Kxf8 51. Kf5 Ke7 52. Be5
1-0

[Event "SR 3. liga A2 2018/2019"]
[Site "?"]
[Date "2019.01.27"]
[Round "7.1"]
[White "Szitkey, Milan"]
[Black "Skreno, Vladimir"]
[Result "0-1"]
[WhiteElo "2066"]
[BlackElo "2153"]
[PlyCount "137"]
[EventDate "2018.??.??"]

1. e4 c5 2. Nf3 Nc6 3. c3 Nf6 4. e5 Nd5 5. d4 cxd4 6. cxd4 d6 7. Bc4 e6 8. O-O
Be7 9. Qe2 O-O 10. Nc3 Nxc3 11. bxc3 dxe5 12. dxe5 Qa5 13. Bb2 Rd8 14. Rad1 Bd7
15. Rd3 Be8 16. Re3 Rac8 17. Nd4 Nxd4 18. cxd4 Rxc4 19. Qxc4 Bb5 20. Qb3 Bxf1
21. Kxf1 Qa6+ 22. Kg1 Bg5 23. Rf3 h6 24. h3 b6 25. Rd3 Qa5 26. Bc3 Qd5 27. Bb4
Qxb3 28. axb3 Rd5 29. g3 Bc1 30. Bc3 Rb5 31. Ba1 a5 32. Kf1 Ba3 33. Ke2 Kf8 34.
Kd2 Ke7 35. Kc2 Kd7 36. f4 g6 37. Rc3 Bb4 38. Rc4 Be1 39. g4 Bg3 40. f5 gxf5
41. gxf5 exf5 42. Bb2 f4 43. Rc3 h5 44. Ba3 Bf2 45. Rd3 Rd5 46. Bc1 Rxd4 47.
Bxf4 Rxd3 48. Kxd3 b5 49. Bd2 Bb6 50. Ke4 Ke6 51. Bc3 Bc7 52. Bd4 a4 53. bxa4
bxa4 54. Bb2 Bb8 55. Bd4 a3 56. Bc5 a2 57. Bd4 Bc7 58. Ba1 h4 59. Bb2 Bd8 60.
Kd3 Kf5 61. Kd4 Bc7 62. Kd5 Bb8 63. Bc3 Kf4 64. Ba1 Kg3 65. Ke4 Bc7 66. Kf5
Kxh3 67. Kf6 Kg2 68. Kxf7 Bxe5 69. Bxe5 0-1